000
00230nam a2200097Ia 4500
008
231212s1982 xx 000 0 und d
041
_a
eng
100
_a
Das P.N.
245
_a
Automatic Telephony
260
_a
Jalagaon
_b
Butter
_c
1982
999
_c
960986
_d
960986